[Event "Sonnevanck 5th"]
[Site "Wijk aan Zee"]
[Date "1995.??.??"]
[Round "7"]
[White "Nijboer, Friso"]
[Black "Glek, Igor Vladimirovich"]
[Result "0-1"]
[WhiteElo "2510"]
[BlackElo "2590"]
[Annotator "Ribli,Z"]
[PlyCount "76"]
[EventDate "1995.02.??"]
[EventType "tourn"]
[EventRounds "9"]
[EventCountry "NED"]
[EventCategory "9"]
[SourceTitle "CBM 046"]
[Source "ChessBase"]
[SourceDate "1995.06.01"]
[SourceVersion "1"]
[SourceVersionDate "1995.06.01"]
[SourceQuality "1"]

1. e4 c5 2. Nf3 Nc6 3. d4 cxd4 4. Nxd4 Qc7 5. Nc3 e6 6. Be2 a6 7. O-O b5 $5 {
Man spielt diese Variante nur selten.} (7... Nf6 $5) 8. Nxc6 dxc6 9. f4 (9. a4
Rb8 $1 10. f4 Bb7 11. Kh1 Rd8 12. Qe1 Be7 13. Be3 b4 14. Nb1 c5 15. Nd2 Nf6 $13
{Braga,F-Karpov,An/Dubai ol/1986/INF42,209/}) 9... Bb7 10. Qe1 (10. Be3 Be7 $1
{Schwarz soll seinen Springer noch zurueckhalten.} 11. Qe1 c5 12. Bf3 b4 $5 {
Bekannte Idee} 13. Nb1 Nf6 14. Nd2 c4 15. e5 Nd5 16. Bd4 Rd8 $10 {Schwarz hat
aktive Figurenstellung. Forster,R-Cramling,P/Biel/1994/CBM43/}) 10... c5 11.
Bf3 b4 {Dieser Vorstoss ist fuer derartige Stellungen typisch.} 12. Nd1 Nf6 13.
e5 Nd5 14. c4 Ne7 $1 {Der Nachziehende will den d4 Punkt kontrollieren.} 15.
Qe2 Nf5 16. Be3 Rd8 17. Nf2 Be7 18. Rad1 $6 {Nach einige Zuegen wird dieser
Turm fehlen den a2 Bauern zu decken.} (18. Rfd1 $5 O-O 19. Be4 $13) 18... O-O
19. Be4 Bxe4 20. Nxe4 Qa5 $1 21. Bf2 (21. b3 $2 Nxe3 22. Qxe3 Qxa2 23. Ra1 Qc2
$1 24. Rfc1 Rd3 $1 25. Rxc2 Rxe3 $19) 21... Rxd1 22. Rxd1 Qxa2 23. g4 $6 {
Immer noch zu optimistisch. Nach 23.Bc5 Bc5 24.Nc5 (=) steht Weiss nicht
schlechter.} Nd4 24. Bxd4 cxd4 25. Rxd4 Rd8 $1 26. Rxd8+ (26. Nd6 $5) 26...
Bxd8 $15 {Schwarz hat bessere Bauernstruktur (a und b gegen c und b) und sein
Laeufer ist gefaehrlich.} 27. f5 $2 {Nach dieser fehlerhaften Antwort erhaelt
Schwarz Angriffschancen.} Bc7 28. Nd6 Bb6+ 29. Kg2 Bd4 $1 {Weiss verliert den
b2 Bauern.} 30. Qe4 Qxb2+ 31. Kh3 Qc3+ 32. Kg2 (32. Kh4 Bf2+ 33. Kg5 h6+ 34.
Kh5 Qh3#) 32... Qd2+ 33. Kh1 Qd1+ 34. Kg2 Qg1+ 35. Kh3 Qf1+ 36. Kg3 (36. Kh4
Bf2+ 37. Kh5 Qh3+ 38. Kg5 Qh6#) 36... Bf2+ 37. Kf4 Bg1+ 38. Kg3 Qf2+ {Ribli}
0-1

[Event "Corus-B"]
[Site "Wijk aan Zee"]
[Date "2003.01.15"]
[Round "4"]
[White "Nijboer, Friso"]
[Black "Cmilyte, Viktorija"]
[Result "1-0"]
[WhiteElo "2553"]
[BlackElo "2452"]
[Annotator "Ribli,Z"]
[PlyCount "139"]
[EventDate "2003.01.14"]
[EventType "tourn"]
[EventRounds "13"]
[EventCountry "NED"]
[EventCategory "13"]
[SourceTitle "CBM 093"]
[Source "ChessBase"]
[SourceDate "2003.04.01"]
[SourceVersion "1"]
[SourceVersionDate "2003.04.01"]
[SourceQuality "1"]

1. e4 c5 2. Nf3 Nc6 3. d4 cxd4 4. Nxd4 e6 5. Nc3 Qc7 6. Be2 a6 7. O-O Nf6 8.
Kh1 {Dieser prophylaktische Zug ist heutzutage sehr populär. Weiß verbessert
seine Königsstellung und möchte dann f2-f4 ziehen.} Nxd4 {Schwarz tauscht den
Springer im Zentrum und entwickelt den f8-Läufer mit Tempo. Die
Hauptalternative wäre 8...d6 mit Übergang zur Scheweninger Variante.} 9. Qxd4
Bc5 10. Qd3 b5 11. f4 Bb7 12. Bf3 h5 {[%cal Gf6g4] Mit diesem Zug sichert
Schwarz den Springervorposten auf g4. Diese Fortsetzung führt zu scharfem
Spiel.} (12... O-O {Diese ruhige Fortsetzung wäre die andere Möglichkeit für
Schwarz.}) 13. e5 Ng4 14. Bxb7 Qxb7 15. Ne4 Be7 16. Be3 {Mit diesem Zug
beendet Weiß die Entwicklung. Seine positionelle Drohung ist 17.Bc5. Nach dem
Läufertausch wäre der weiße positionelle Druck sehr groß.} (16. b3 Rc8 17. Bb2
Nh6 18. Qf3 Qb6 $13) 16... Rc8 17. c3 (17. Bd4 Nh6 18. a4 Nf5 19. axb5 Qxb5 20.
Bc3 Qxd3 21. cxd3 Rc6 22. Rfe1 O-O 23. Ra4 d5 24. exd6 Nxd6 {1/2-1/2 Odeev,
H-Magem Badals,J/Istanbul 2000/EXT 2001 (41)}) (17. Bg1 Nh6 18. c3 Nf5 19. Rfe1
h4 20. h3 O-O 21. Rad1 Rfd8 22. Qf3 Qb8 $13 {0-1 McDonald,N-Emms,J/London 1997/
CBM 60/[Ribli] (47)}) 17... h4 (17... Qc6 18. Bd4 Nh6 19. b3 Nf5 20. Bf2 O-O
21. Rad1 Rfd8 22. Qe2 d5 23. exd6 Nxd6 24. Nxd6 Rxd6 25. Bd4 Rd5 26. f5 Bc5 27.
Qxh5 Bxd4 28. Rxd4 g6 {1/2-1/2 Grischuk,A-Grabliauskas,V/New York 2000/CBM 76
ext (39)}) 18. Bd4 (18. h3 Nh6 19. Rad1 Nf5 20. Bf2 O-O 21. Qf3 Rc7 22. Rd3 b4
23. c4 a5 24. Rfd1 a4 25. R1d2 Rb8 26. Rc2 b3 27. axb3 axb3 28. Rc1 Qc6 29. Kh2
Rb4 30. Nd2 Qxf3 31. Rxf3 f6 32. Rcc3 $13 {1-0 Berg,E-Oral,T/Stockholm 2000/
CBM 74 ext (41)}) 18... Nh6 {[%csl Yf5][%cal Gh6f5] Der Springer zielt auf das
Feld f5. Schwarz hat fühlbare Kontrolle auf den weißen Feldern. Aber die
Alternative 18...h3 kommt stark in Betracht.} (18... h3 19. g3 Nh6 20. Qf3 Qc6
21. Rae1 Nf5 22. Bf2 d5 23. exd6 Nxd6 24. Nxd6+ Bxd6 {1/2-1/2 Felsberger,
A-Titz,H/AUT-chT 1993 (62)}) 19. Qf3 {Jetzt droht 20.Nd6+, oder 20.Nf6+ mit
Damengewinn.} (19. Rad1 Nf5 20. Qf3 Qc6 21. Rd3 a5 22. Rfd1 O-O 23. Bf2 Rfd8
24. g4 hxg3 25. Nxg3 Nxg3+ 26. hxg3 Qxf3+ 27. Rxf3 d5 {1/2-1/2 Boskovic,
D-Perunovic,M/Tivat 2001/EXT 2003 (53)}) 19... Qc6 20. b4 {[%cal Gd4c5,Gc5e7]
Mit diesem Zug bereitet Weiß die Möglichkeit Be3-Bc5 vor.} (20. h3 Nf5 21. Bf2
O-O 22. Nd2 d6 23. Qxc6 Rxc6 24. Nf3 d5 25. Nd4 Nxd4 26. Bxd4 g6 27. b4 Rc4 {
0-1 Ricci,M-Flear,C/Cannes 2000/EXT 2001 (37)}) 20... Nf5 21. Rad1 O-O $6 {
Dieser automatischer Zug gefaellt mir nicht - es waere viel besser 21...h3 zu
spielen} (21... h3 22. g3 (22. g4 Nh4 $13 (22... Nxd4 23. Rxd4 f5 24. exf6 (24.
gxf5 exf5 25. Nd6+ Bxd6 26. Rxd6 Qxf3+ 27. Rxf3 $14) 24... gxf6 25. f5 $36))
22... Qc4 23. Rf2 a5 24. a3 Nxd4 25. Rxd4 Qb3 26. f5 exf5 27. Qxf5 Qe6 28. Kg1
axb4 29. axb4 Ra8 30. Rd1 O-O 31. Qxe6 dxe6 32. Rd7 f5 33. exf6 Bxf6 34. Kf1
Be5 {1/2-1/2 German,G-Tregubov,P/Buenos Aires 1996/EXT 98 (64)}) 22. Bc5 $14 {
[%mdl 32] Weiß möchte den Läufer tauschen.} Rfd8 (22... Bxc5 23. bxc5 $5 $14 {
[%csl Yd6][%cal Gd1d7]} (23. Nxc5 d6 (23... Qxf3 $2 24. Rxf3 $16) 24. exd6 Nxd6
25. Qg4 Nf5)) 23. Bxe7 Nxe7 24. Rd6 {[%csl Gd6] Nach dem Läufertausch wird die
Schwächung des d6-Punktes noch deutlicher.} Qc4 25. Rxa6 {[%cal Re4d6,Rd6c4,
Rd6c8]} Nd5 $6 {Nach diesem Springerzug muss Schwarz die Qualität geben.
Nachfolgend erhält Schwarz dafür zwar etwas Gegenspiel, aber die weißen
Gewinnchancen sind hoch.} (25... Nf5 26. Rd1 $16) 26. Nd6 $16 {[%cal Rd6c8,
Rd6c4]} Qxc3 27. Nxc8 Rxc8 (27... Qxc8 28. Rd6 $16) 28. Ra3 (28. Qxc3 Rxc3 29.
Ra5 Nxb4 30. Rxb5 Nxa2 31. Rb8+ Kh7 32. Rd1 $16) 28... Qxb4 (28... Qxf3 29.
Raxf3 Nxb4 30. Rb3 Nxa2 31. Rxb5 {[%csl Ra2]} Nc3 32. Rc1 Nxb5 33. Rxc8+ Kh7
34. Rd8 $16) 29. f5 $1 {Weiß hat am Königsflügel Angriffschancen.} exf5 30. Rd3
(30. Rb3 Qe4 31. Rxb5 $16) 30... Nf4 31. Rdd1 $6 {Weiß kann nicht 31.Qxf4
spielen wegen 31...Qxf4 32.Rxf4 Rc1#. Mit dem Textzug verteidigt Weiß die
Grundlinie und möchte den f5-Bauern zielen. Aber das Nehmen des d7-Bauern
scheint mir logischer.} (31. Rxd7 $5 $16) 31... Rc4 (31... Ng6 32. Qxf5 Qc4 33.
Rxd7 Nxe5 34. Rd2 $16) 32. g3 hxg3 33. hxg3 Ne6 34. Qxf5 Qe7 35. Rd2 Nd4 36.
Qe4 Nc6 {[%csl Re5]} 37. Qd5 Rc5 (37... Nxe5 38. Qxb5 $16) 38. Qxd7 Qxd7 39.
Rxd7 Nxe5 {[%mdl 4096] Schwarz hat einen Bauern für die Qualität. Mit guter
Technik hat Weiß reale Gewinnchancen, aber er muss vorsichtig sein, weil das
Material schon sehr reduziert ist.} 40. Rd8+ Kh7 41. Kg2 g6 42. Rfd1 {Droht 43.
R8d5 mit Turmtausch. Schwarz muss so lange wie moeglich die Tuerme auf dem
Brett behalten.} Ng4 {[%cal Rg4e3,Re3g2,Re3d1]} 43. Kf3 f5 44. R8d5 Rc3+ 45.
Kf4 (45. R1d3 $4 Rxd3+ 46. Rxd3 Ne5+ $19) 45... Nf2 46. R1d2 Nh3+ (46... Ne4
47. Rh2+ Kg7 48. Rxb5 Rxg3 49. a4 $18) 47. Ke5 Ng5 48. Rd7+ Kg8 (48... Kh6 $2
49. Rh2+ $18) 49. Rb2 Rc5+ (49... Rxg3 50. Rxb5 $18) 50. Kf6 Nh7+ {Weiß muss
vorsichtig sein - es gibt immer Springergabelmotive zu beachten.} 51. Ke7 (51.
Kxg6 $4 Nf8+ $19 {[%cal Rf8d7,Rf8g6]}) 51... Nf8 52. Rd8 Re5+ 53. Kd6 Re6+ 54.
Kc5 {[%csl Rb5] Der weiße König ist endlich am Ziel angekommen. Weiß möchte
den b5-Bauern nehmen und den a-Bauern vorstoßen.} Re5+ 55. Rd5 Re3 (55... Ne6+
56. Kd6 $18) 56. Rb3 $5 (56. Kxb5 Rxg3 57. a4 $18) 56... Re2 57. a3 Ne6+ 58.
Kd6 (58. Kxb5 $2 Nc7+ $11 {[%cal Rc7b5,Rc7d5]}) 58... Ng5 59. Rdxb5 {Endlich
hat Weiß hat den b5-Bauern gewonnen.} Ne4+ 60. Kd5 Kg7 61. a4 Ra2 62. a5 $18 {
Der a-Bauer entscheidet die Partie.} Kh6 63. Kc6 Kg5 64. Kb6 {[%cal Ga5a6] Der
König unterstützt den Vormarsch des a-Bauern.} Kg4 65. a6 Rxa6+ (65... Nxg3 66.
Ra5 $18) 66. Kxa6 Nxg3 67. R5b4+ Kh3 (67... f4 68. Kb5 $19) 68. Rf4 Kg2 (68...
g5 69. Rxf5 $18) 69. Rff3 Ne4 70. Ra3 1-0

[Event "RUS-chT 05th"]
[Site "Maikop"]
[Date "1998.06.13"]
[Round "11"]
[White "Kupreichik, Viktor D"]
[Black "Prokopchuk, Evgeny"]
[Result "1/2-1/2"]
[WhiteElo "2505"]
[BlackElo "2500"]
[Annotator "Ribli,Z"]
[PlyCount "102"]
[EventDate "1998.06.03"]
[EventType "team-tourn"]
[EventRounds "11"]
[EventCountry "RUS"]
[SourceTitle "CBM 066"]
[Source "ChessBase"]
[SourceDate "1998.09.30"]
[SourceVersion "1"]
[SourceVersionDate "1998.09.30"]
[SourceQuality "1"]
[WhiteTeam "Tomsk 400"]
[BlackTeam "Noyabrsk Yamal"]
[WhiteTeamCountry "RUS"]
[BlackTeamCountry "RUS"]

1. e4 c5 2. Nc3 e6 (2... Nc6 3. g3 g6 4. Bg2 Bg7 {Das ist die sogenannte
geschlossene Sizilianische Verteidigung. Ribli.}) 3. Nf3 a6 4. d4 cxd4 5. Nxd4
Qc7 6. g3 Nf6 7. Bg2 Nc6 {Dieser natürliche Zug ist gut, aber vielleicht kann
Schwarz ihn aufschieben und zunächst 7...Be7 nebst 8...d6 spielen.} 8. O-O Bc5
{30 Jahre war dieser Zug unbekannt. heutzutage wird er von jedermann gespielt.}
9. Nxc6 {Andere Fortsetzungen bieten dem Weißen keine Aussicht auf
Eröffnungsvorteil.} (9. Nb3 Ba7 10. Qe2 d6 11. Be3 (11. Kh1 h5 12. Bg5 Ne5 13.
Nd1 Bd7 14. a4 Rc8 15. c3 Qc4 16. Nc1 b5 17. Re1 bxa4 {Voekler,B-Gustafsson,J/
BL9798 Erfurt-HSK 1998/0-1 (47)}) 11... b5 $6 (11... Bxe3 12. Qxe3 Ne5) 12. a4
Bxe3 13. Qxe3 b4 14. e5 $5 dxe5 15. Nb5 axb5 16. axb5 Rxa1 17. Bxc6+ Bd7 18.
Rxa1 $14 {1-0 Kupreichik,V-Kohlweyer,B/Bad Woerishofen 1997 (37)}) (9. Bf4 e5
10. Nb3) (9. Be3 $6 Ne5 $11) 9... dxc6 (9... bxc6 10. Re1 (10. Na4 $5) 10... e5
11. Na4 Be7 12. c4 d6 13. b3 O-O 14. Be3 c5 15. h3 h6 16. Qd3 Bb7 17. Rac1 Rab8
18. Nc3 Bc6 {Zapata,M-Arancibia,E/Navarro mem 1997/0-1 (59)}) 10. e5 {
Kupreichik spielt immer scharf und aggressiv Für den Bauern gibt es nichts
Konkretes, "nur" dauerhaften positionellen Druck.} (10. Bg5 e5 $1 (10... Nd7 $6
11. e5 $1 Qxe5 12. Bf4 Qf5 $6 13. Ne4 $44 {1-0 Anand,V-Lautier,J/London
PCA-Intel GP 1995 (40)}) 11. Bxf6 gxf6 12. Na4 Ba7 13. c4 b5 14. cxb5 axb5 15.
Nc3 b4 16. Na4 Ba6 17. Re1 Bb5 $15 {0-1 Skripchenko,A-Soffer,R/Groningen op
1995 (33)}) (10. Na4 Ba7 11. c4 Nd7 12. b4 a5 $5 13. b5 (13. Bb2 axb4 14. Bxg7
Rg8 15. Bh6 e5 {[%csl Yd4]} 16. Be3 Bxe3 17. fxe3 Nf8 18. c5 Be6 19. Nb6 Ra5
20. Qc2 Qe7 21. Rfc1 h5 $15) 13... e5 14. Ba3 (14. Rb1 Bd4 15. Bb2 c5 16. Bxd4
cxd4 17. c5 Nxc5 18. Qc2 b6 19. Rfc1 Be6 20. Nxc5 Qxc5 21. Qxc5 bxc5 22. Rxc5
Bxa2 23. Rxe5+ Kd7 24. Rd1 {Spangenberg,H-Sadler,M/Buenos Aires Najdorf 1995/
CBM 49/1/2-1/2 (49)}) 14... Bd4 15. Rb1 (15. Qg4 g6 16. Qh4 c5 17. Qh6 Nb6 18.
Nxb6 Qxb6 19. Qg7 Rf8 20. Rac1 Be6 21. Rc2 O-O-O {0-1 Borge,N-Oral,T/FSGM June,
Budapest HUN 1998 (32)}) 15... b6 16. c5 cxb5 17. cxb6 Nxb6 18. Rxb5 Nc4 19.
Qc2 Bd7 20. Rd5 Rc8 21. Bc5 Be6 22. Qxc4 Bxd5 23. Qxd5 Bxc5 24. Bh3 O-O 25.
Bxc8 {1/2-1/2 Weinzettl,E-Horvath,J/AUT9798 1998}) 10... Qxe5 11. Bf4 Qh5 (
11... Qd4 12. Qe2 Be7 13. Rfd1 Qa7 14. Na4 Bd7 15. b4 a5 16. Be3 Qa6 17. Qxa6
Rxa6 18. bxa5 Rxa5 19. Nb6 {1/2-1/2 Bronstein,L-Fiorito,F/Open, Buenos Aires
ARG 1997}) 12. Bf3 Qg6 13. Na4 Ba7 (13... Be7 $2 14. Nb6 $18 {[%csl Ra8,Gb6]})
14. Bd6 $44 {[%csl Gd6,Re8] Schwarz hat einen Bauern mehr, aber sein König
steht in der Mitte, während das weiße Läuferpaar große Aktivität entfaltet.
Schwarz besitzt allerdings keine strukturellen Schwächen, hat nur
Entwicklungsprobleme zu lösen.} h5 15. Kh1 $6 (15. c4 h4 16. c5 $14 {[%csl Ra7,
Gd6,Re8] Schwarz hat nichts besonderes in der h-Linie. Sein Läuferpaar ist am
Damenflügel eingeschlossen.}) 15... h4 {[%cal Gh8h1]} 16. g4 h3 $13 {[%csl Gh3]
In solchen Stellungen stehen quasi beide Spieler schlecht. Weiß hat jetzt
Schwächen am Königsflügel.} 17. Qe2 Rh4 18. Rg1 {[%csl Rg4]} (18. g5 Nd5 {
[%cal Gd5f4]}) 18... Bd7 {Schwarz möchte endlich die Entwicklung des
Damenflügels beenden und kann 19...Rd8 oder sogar 19...0-0-0 folgen lassen.}
19. c4 {Weiß nimmt dem schwarzen Springer f6 das Feld d5 und kann u.U. c4-c5
spielen.} Rd8 (19... O-O-O {Auf c8 steht der schwarze König keineswegs besser
als auf e8.} 20. b4 $40 {[%csl Rc8,Gd6,Gf3]}) 20. Rad1 {[%cal Gd1d8] Weiß hat
keine konkreten Drohungen, entfaltet aber starken positionellen Druck.} Bc8 21.
Bg3 (21. c5 {[%csl Ra7]} Nd5 22. Bxd5 cxd5 23. Rxd5 $2 Bd7 $17 {[%cal Rd7a4,
Rd7c6,Rc6h1]}) 21... Rxd1 22. Rxd1 Rxg4 $5 {Schwarz weicht nicht zurück,
sondern opfert die Qualität.} (22... Rh8 23. b4 $44) 23. Bxg4 Nxg4 $5 {Jetzt
droht Schwarz, 24...Nxf2 zu spielen, denn nach 25.Bxf2 kommt 25...Qg2 Matt.} (
23... Qxg4 24. f3 Qg5 $13) 24. c5 {[%csl Ra7]} {[#]} Nxf2+ $1 25. Qxf2 (25.
Bxf2 $2 Qg2#) 25... Qe4+ {[%csl Ge4][%cal Re4h1,Re4a4]} 26. Kg1 Qxa4 $15 {
[%csl Ra7,Rc8,Re8] Mit drei Bauern für die Qualität hat Schwarz mehr als
ausreichenden materiellen Ersatz, aber sein König und die eingesperrten Läufer
stehen schlecht.} 27. b3 Qg4 28. Rd4 Qg5 29. b4 {[%csl Ra7]} Bb8 (29... e5 30.
Rh4 {[%cal Gh4h8,Gh8a8]}) 30. Rh4 {[%csl Re8][%cal Rh4h8,Rh8b8]} Ke7 (30...
Qc1+ 31. Qe1 Qxe1+ 32. Bxe1 e5 33. Rh8+ Kd7 34. Rxh3 $15) 31. Rh8 Qc1+ 32. Qe1
Qc2 {[%csl Rg1][%cal Rc2g2]} (32... Qxe1+ 33. Bxe1 Kd7 34. Rxh3 $15 {[%csl Rb8,
Rc8,Rd7]}) 33. Rxh3 (33. Qf2 Qb1+ 34. Qf1 (34. Qe1 $2 Qxa2 {[%cal Ra2g2]})
34... Qxf1+ 35. Kxf1 Bxg3 36. hxg3 Bd7 37. Rxh3 e5 $15) 33... Bxg3 34. Rxg3 g6
$11 {Schwarz hat zwei Bauern für die Qualität, aber sein König ist besonders
über die schwarzen Felder verwundbar.} 35. Rf3 Qb2 36. Qh4+ Ke8 (36... Kd7 $2
37. Rxf7+ $18) (36... Kf8 37. Qd8+ $18 {[%cal Rd8f8,Rd8c8]}) 37. Qf4 {[%csl
Re8,Rf7][%cal Rf3f7]} (37. Rd3 $2 {[%csl Rd8][%cal Rd3d8]} Qb1+ {[%cal Rb1g1,
Rb1d3]}) 37... f5 38. Rf2 (38. Qc7 Qd4+ 39. Kg2 Qd7) 38... Qc3 (38... Qf6 39.
Qc7 Qg5+ 40. Kf1 Qc1+ $11) 39. Kg2 $13 e5 $6 {Es scheint, Schwarz könne
endlich seine Bauern mobilisieren.} (39... Qf6 40. Rd2 $13 {[%csl Gc8,Gd2,Re8,
Gf4]} e5 41. Re2 e4 42. Rxe4+ $16 {[%cal Gf4f6]}) 40. Re2 $2 {Weiß hat etwas
viel besseres als diesen auf den ersten Blick natürlichen Zug.} (40. Qh6 {
[%csl Rg6,Gh6]} Kf7 41. Qh7+ $18 {[%csl Rc8,Rf7,Gh7]}) 40... e4 41. Re3 Qb2+ {
Auf diese Weise kann Schwarz (im 42. Zug!) endlich die Entwicklung beenden.} (
41... Qxb4 42. Qe5+ $11 {[%csl Gb4,Ge5,Re8]}) 42. Kg3 Be6 43. a3 (43. Qb8+ Kf7
44. Qxb7+ Kf6 {[%csl Rg3]} 45. Qb8 {[%cal Rb8h8,Rh8b2]} Qe5+ 46. Qxe5+ Kxe5 $15
{[%csl Re3,Ge4,Gf5] Die weiße Bauernmehrheit am Damenflügel ist ungefährlich,
während Schwarz seine Bauern leicht mobilisieren kann.}) 43... Ke7 44. h3 Qa1 {
[%csl Ga1]} 45. Qd6+ Kf7 46. Kf4 (46. Qc7+ Kf6 47. Qd8+ Kg7 48. Qe7+ Bf7 49.
Kf4 Qf6 $17 {[%csl Rf4]}) 46... g5+ $11 {Schwarz erzwingt die Zugwiederholung.}
(46... Qf6 47. Qc7+ Qe7 48. Qxe7+ Kxe7 49. Ke5 $36 {[%csl Ge5]}) 47. Kxg5 Qf6+
48. Kf4 Qh4+ (48... Qh6+ 49. Ke5 Qf6+ $11 (49... Qxe3 $1 50. Qxe6+ Kg7 51. Qf6+
Kg8 52. Qxf5 $16)) 49. Ke5 Qh8+ {Schwarz hat viele Schachmöglichkeiten, aber
nur so erreicht er das Remis.} 50. Kf4 Qh6+ 51. Ke5 Qf6+ {und Remis wegen
Dauerschach.} 1/2-1/2

[Event "Hoogovens"]
[Site "Wijk aan Zee"]
[Date "1998.01.18"]
[Round "3"]
[White "Timman, Jan H"]
[Black "Polgar, Judit"]
[Result "1/2-1/2"]
[WhiteElo "2635"]
[BlackElo "2670"]
[Annotator "Ribli,Z"]
[PlyCount "67"]
[EventDate "1998.01.16"]
[EventType "tourn"]
[EventRounds "13"]
[EventCountry "NED"]
[EventCategory "17"]
[SourceTitle "CBM 063"]
[Source "ChessBase"]
[SourceDate "1998.03.26"]
[SourceVersion "1"]
[SourceVersionDate "1998.03.26"]
[SourceQuality "1"]

1. e4 c5 2. Nf3 e6 3. d4 cxd4 4. Nxd4 Nc6 5. Nc3 Qc7 6. Be2 a6 7. O-O Nf6 8.
Kh1 Nxd4 {Wenn Schwarz nicht auf die Scheveninger Variante aus ist, stellt
dies nach meiner Meinung die beste Alternative dar. Ribli.} 9. Qxd4 Bc5 10. Qd3
b5 11. f4 Bb7 {Das ist eine schwarze Hauptidee in dieser Variante. Er
entwickelt zuerst seinen Damenflügel und den Königsflügel später.} 12. Bf3 (12.
e5 Nd5 13. a3 (13. Nxd5 Bxd5 14. Qg3 g6 15. Bd2 Qb7 16. b4 Be7 17. a4 O-O 18.
Bf3 Rac8 19. c3 f6 20. axb5 axb5 21. Bxd5 Qxd5 22. Qe3 Rc4 23. exf6 Bxf6 $13
24. h3 {1-0 Zarkovic,D-Sheldon,R/WchJW U16 1996 (34)}) (13. Bf3 Nxc3 14. Qxc3
Rc8 15. Bxb7 Qxb7 16. Qg3 g6 17. c3 Qe4 18. Qe1 Qxe1 19. Rxe1 Ke7 20. Bd2 a5 {
Linnanen,L-Teske,H/Mainz op 1995/0-1 (68)}) 13... Rc8 14. Ne4 Be7 15. c3 O-O
16. Bd2 f5 17. exf6 Nxf6 18. Nxf6+ Rxf6 19. Bf3 Rcf8 {0-1 Horvath,Z-Tenyi,J/
HUN tt Mat(t)ador-Honvéd 1997 (30)}) 12... Bb4 $6 $146 {[#] Dieser Zug gefällt
mir nicht. Schwarz verliert zu viel Zeit und gibt sein Läuferpaar auf, während
sein König in der Mitte bleibt. Anderseits verbessert der Läuferzug
tatsächlich die schwarze Kontrolle über die weißen Felder.} (12... O-O $5 13.
e5 Ne8 14. Bxb7 Qxb7 15. Ne4 Be7 16. Be3 Qc6 17. Rad1 Rd8 18. f5 f6 $1 19. exf6
Nxf6 20. Nxf6+ Bxf6 21. c3 d5 22. fxe6 Qxe6 23. Bd4 Bxd4 24. Qxd4 Rxf1+ 25.
Rxf1 Rf8 26. Rxf8+ Kxf8 {1/2-1/2 Xie Jun-Kobalija,M/Hoogovens-B 1998}) (12...
b4 $2 13. e5 bxc3 14. exf6 gxf6 15. Qxc3 Bxf3 16. Rxf3 Ke7 17. b3 Bd6 18. Qd2
Rac8 19. c4 Rhg8 20. Bb2 Rg4 21. Rd1 Rcg8 22. g3 Qc6 23. Qxd6+ Qxd6 24. Bxf6+
Kxf6 25. Rxd6 {1-0 Felsberger,A-Kaspret,G/AUT-chT 1991}) (12... h5) 13. e5 $5 (
13. Bd2 Bxc3 $1 (13... Rc8 14. Nxb5 Qxc2 (14... axb5 $2 15. Bxb4 Qxc2 16. Qd6
$18) 15. Qxc2 Rxc2 16. Bxb4 axb5 $11) (13... Bc6 14. e5 Bxc3 15. Qxc3 $1 {
[%cal Gc3c7]} (15. Bxc3 Nd5 $14) 15... Nd5 16. Bxd5 exd5 17. Qc5 $16) 14. Bxc3
Qxf4) 13... Bxc3 14. bxc3 Nd5 (14... Bxf3 $2 15. exf6 Bd5 16. fxg7 Rg8 17. Qxh7
$16) 15. Ba3 $14 {[%csl Ga3][%cal Ga3f8] Schwarz überzeugt auf den weißen
Feldern, aber wer kontrolliert die schwarzen Punkte?} f5 16. exf6 {Natürlich
öffnet Weiß das Spiel. Sonst spielt Schwarz ...Kf7 mit gleicher Stellung.} (16.
Bd6 Qb6 $11 (16... Qc4 17. Qxc4 bxc4 18. Rab1 Bc6 {und mit folgendem ...Kf7
konsolidiert Schwarz seine Stellung.})) 16... gxf6 (16... Nxf6 17. f5 $1 (17.
Bxb7 Qxb7 18. c4 $14 (18. Qd6 $6 O-O-O $11)) 17... O-O-O 18. Bd6 (18. Be7 Rde8
19. Bd6 Qb6 20. a4) 18... Qb6 19. a4 $36 {[%csl Rc8]}) 17. Bh5+ Kd8 18. f5 $40
{[%csl Rd8] Weiß hat eine gute Angriffsstellung und das Läuferpaar. Die
einzige Hoffnung des Schwarzen ist sein Vorposten auf d5.} Rg8 {[%cal Gg8g2,
Gb7g2]} (18... Qxc3 19. Qxc3 Nxc3 20. fxe6 dxe6 21. Rxf6 Rg8 22. Bf3 $14) 19.
Bf3 (19. fxe6 $2 Rxg2 20. Kxg2 Nf4+ 21. Kg1 Qb6+ 22. Rf2 (22. Qd4 Nh3#) 22...
Nxd3 23. e7+ Kc7 24. cxd3 Qe6 $17) 19... Rc8 20. Rae1 (20. fxe6 dxe6 21. Rae1)
20... Qxc3 21. fxe6 Qxd3 (21... dxe6 $2 22. Qxh7 $18) 22. e7+ $1 $16 {Ein
wichtiger Zwischenzug.} Kc7 23. cxd3 b4 24. Rc1+ (24. Bb2 Rce8 25. Bxd5 Bxd5 {
[%csl Rg2][%cal Rd5g2]} 26. Rf2 Rg6 $14) 24... Kd6 $8 (24... Kb6 25. Rxc8 Rxc8
26. Bxd5 Bxd5 27. Rxf6+ Kb7 28. Rf8 $18) 25. Rxc8 Rxc8 26. Bxb4+ $2 (26. Bxd5
Bxd5 27. Bxb4+ Ke6 28. a3 $16 {Die Anwesenheit der ungleichfarbigen Läufer
bietet dem Schwarzen einige Remischancen, aber Weiß hat Vorteil.}) 26... Nxb4
27. Bxb7 Rb8 $11 28. e8=Q (28. Re1 Re8 $11) 28... Rxe8 29. Be4 {Theoretisch
sollte Weiß wegen seines Läufers besser stehen, aber das bereits reduzierte
Material bedeutet Ausgleich.} Nxa2 30. Rxf6+ Re6 31. Rf1 (31. Rxe6+ dxe6 32.
Bxh7 Nc3 $11 {[%cal Ga6a1]}) 31... h6 32. Ra1 Nb4 33. h4 Ke5 34. g4 {Und hier
wurde in ungefähr gleicher Stellung remis gegeben. Ribli.} (34. g4 d5 35. Bf5
Rc6 $11) 1/2-1/2